Strahov pochod /

Hlavní autor: Nikodem, Bedřich, 1909-1970
Další autoři: Aust, Alois, 1889-1961
Jazyk: Čeština
Vydáno: Praha : Mojmír Urbánek, c1944
Edice: Universální orchestr M. U.
Fyzický popis: 21 hlasů
Hudebniny Hudebniny
Uloženo v:
LEADER 01109ncm a22002772a 4500
001 001366058
003 CZ BrMZK
005 20151204120806.0
007 qu
008 140207s1944 xr |||||||||||||||||cze d
040 |a BOA001  |b cze 
072 7 |a 785  |x Instrumentální hudba. Symfonická hudba. Hudba pro více nástrojů  |2 Konspekt  |9 9 
100 1 |a Nikodem, Bedřich,  |d 1909-1970  |7 jk01090195  |4 cmp 
245 1 0 |a Strahov  |h [hudebnina] :  |b pochod /  |c B. Nikodem. U cíle : pochod / A. Aust 
260 |a Praha :  |b Mojmír Urbánek,  |c c1944 
300 |a 21 hlasů 
490 1 |a Universální orchestr M. U. ;  |v č. 356-357 
500 |a Řídící hlas houslí a klavíru podložen textem 
700 1 |a Aust, Alois,  |d 1889-1961  |7 jn99240000036  |4 cmp 
740 0 2 |a U cíle 
830 0 |a Universální orchestr M. U. 
910 |a BOA001  |b Mus4-0165.374,356-357 
990 |a MU 
991 |b 201402 
996 6 |b 2619659192  |c Mus4-0165.374,356-357  |l MZK  |r Sklad / do 1 hodiny  |n 0  |w 001400933  |u 000020  |a 1  |e BOA001  |j MZK50  |s P 
996 7 |b 2619659193  |c Mus4-0165.374,356-357  |l MZK  |r Sklad / do 1 hodiny  |n 0  |w 001400933  |u 000010  |a 1  |e BOA001  |j MZK50  |s A